000 00707cam a2200301 4500
008 090401t1995 xxu||||| |||| 00| 0 eng d
020 _a0752002120
035 _a(Sirsi) u68202
041 _aeng
050 _a343.4107
100 _aStevens, Lawrence
245 _aUnderhill`s licensing guide.
250 _a12th ed.
260 _aLondon
_bFT Law & Tax
_c1995
300 _axix,145p. ; 21cm.
350 _a37
490 _aFT Law and Tax Practitioner Series
650 _aCLUBS
650 _aGAMING
650 _aLAW
650 _aLICENSING LAW
650 _aLOTTERIES
650 _aRESTAURANTS
690 _aLAW
700 _aMehigan, Simon
942 _n0
948 _c04/03/1997
999 _c95083
_d95083